000 01069namaa2200301 i 4500
003 EG-GICUC
005 20250622145558.0
008 250622s1998 ua |||jr|||| 000 0 ara d
017 _a98 / 7578
_bدار الكتب والوثائق القومية (مصر)
020 _a97756841145
040 _aEG-GiCUC
_bara
_cEG-GiCUC
_dEG-GiCUC
_erda
082 0 4 _221
_a920.7
_bG4116
092 0 4 _221
_a920.7
_bG4116
099 _a920.7 G4116
100 1 _aعبد الغني، مصطفى
_eمؤلف.
245 1 0 _aعمالقة و عواصف :
_bإجابات لأسئلة حائرة /
_cمصطفى عبد الغنى.
250 _aالطبعة الاولى
264 _a[القاهرة] :
_bجهاد للنشر والتوزيع،
_c1998.
300 _a191 صفحة ؛
_c20 سم
336 _2rdacontent
_atext
337 _2rdamedia
_aUnmediated
338 _2rdacarrier
_avolume
541 _aد. جابر عصفور ؛
_bالقاهرة ؛
_cإهداء ؛
_d2024.
650 1 7 _aاعلام العرب
_2qrmak
651 1 _2qrmak
905 _aAya
942 _2ddc
_cBK
_e21
_n0
999 _c172699
_d172699